| 000 | 00767nam a2200229 4500 | ||
|---|---|---|---|
| 003 | OSt | ||
| 005 | 20240605021943.0 | ||
| 006 | a | ||
| 008 | 240605b |||||||| |||| 00| 0 eng d | ||
| 020 | _a9781935096030 | ||
| 040 |
_aDWCL-Main lib. _cOC |
||
| 082 | _aCirc. 810.8 C222 2009 | ||
| 100 | _aCANFIELD , JACK | ||
| 245 | _aChicken soup for the soul : teens talk tough times : stories about the hardest part of being a teenager / | ||
| 260 |
_aCos Cob, NT : _bChicken Soup for the Soul Publishing, _cc2009. |
||
| 300 |
_axii, _b367 pages ; _c22 cm. |
||
| 650 | _a1. Teenagers--Literary collections. | ||
| 650 | _a2. Teenager's writings. | ||
| 650 | _a3. Teenagers--Conduct of life--Anecdotes. | ||
| 700 | _aJACK CANFIELD | ||
| 942 |
_2ddc _n0 _cBK-CIRC _kCirc. |
||
| 999 |
_c170 _d170 |
||